Kinh doanh ở châu Á : Cẩm nang hướng dẫn /

Bewaard in:
Bibliografische gegevens
Hoofdauteurs: Nguyễn Tấn Phong, Phạm Đức Cường
Andere auteurs: Trần Nam Bìnhnh
Formaat: Sách giấy
Taal:Vietnamese
Gepubliceerd in: Hà Nội : Chính trị Quốc gia , 1998
Tags: Voeg label toe
Geen labels, Wees de eerste die dit record labelt!
Thư viện lưu trữ: Thư viện Trường Đại học Đà Lạt
LEADER 00762nam a2200277 4500
001 DLU020013318
005 ##6/9/2000
020 # # |a 978- 
041 # # |a vie 
082 # # |a 330.95  |b DU-S 
090 # # |a 330.95  |b DU-S 
100 # # |a Nguyễn Tấn Phong 
100 # # |a Phạm Đức Cường 
245 # # |a Kinh doanh ở châu Á :  |b Cẩm nang hướng dẫn /  |c Nguyễn Tấn Phong, Phạm Đức Cường, Trần Nam Bìnhnh, Dunung Sanjyot P. 
260 # # |a Hà Nội :  |b Chính trị Quốc gia ,  |c 1998 
300 # # |a 664 tr.;   |c 21 cm. 
700 # # |a Trần Nam Bìnhnh 
992 # # |a 57500 
994 # # |a DLU 
900 # # |a False 
911 # # |a Administrator 
925 # # |a G 
926 # # |a A 
927 # # |a SH 
980 # # |a Thư viện Trường Đại học Đà Lạt